[Event "ARG-ch sf 98th"]
[Site "Buenos Aires"]
[Date "2023.04.30"]
[Round "2"]
[White "Fiorenza, Brandon"]
[Black "Isaac, Cristian"]
[Result "1-0"]
[WhiteElo "1804"]
[BlackElo "1318"]
[PlyCount "47"]
[EventDate "2023.04.29"]
[EventType "swiss"]
[EventRounds "9"]
[EventCountry "ARG"]
[SourceTitle "CBM 214 Extra"]
[Source "ChessBase"]
[SourceDate "2023.07.31"]
[SourceVersion "1"]
[SourceVersionDate "2023.07.31"]
[SourceQuality "1"]

1. d4 Nf6 2. c4 e6 3. Nf3 d5 4. g3 c5 5. Bg2 Nc6 6. cxd5 exd5 7. 0-0 Bd6 8. Nc3 0-0 9. Bg5 Be7 10. dxc5 Be6 11. a3 Bxc5 12. Bxf6 Qxf6 13. Nxd5 Qxb2 14. Nc7 Rad8 15. Qc1 Qxc1 16. Rfxc1 Bb6 17. Nxe6 fxe6 18. e3 Rd6 19. Ng5 Bd8 20. Ne4 Rd7 21. Nc5 Re7 22. Nxe6 Ne5 23. Nxd8 Rxd8 24. Rc5 1-0